000 00472nam a2200181Ia 4500
001 18908
005 20260306171705.0
008 260306s9999||||xx |||||||||||||| ||und||
041 _aESP
082 _a658.562
_bC93
100 _aCuatrecasas, Lluís
_eAUT
245 0 _aGestión integral de la calidad:
_bimplantación, control y certificación
260 _c2010
300 _a378 páginas :
_c23 cm.
650 _aGEN
654 _aCAN
942 _cLIB
_dJUS
_fJUS
_2ddc
_n
999 _c18908
_d18908